| 000 | 00797nam a22002297a 4500 | ||
|---|---|---|---|
| 001 | 44949 | ||
| 003 | BD-RjUL | ||
| 005 | 20211209053936.0 | ||
| 008 | 160721s1977 bg ||||| |||| 00| 0 ben d | ||
| 020 | _c: TK 250.00 | ||
| 035 | _a(BD-RjUL)45067 | ||
| 040 |
_aBD-RjUL _bben _cBD-RjUL |
||
| 041 | _aben | ||
| 082 |
_223 _a297. _bRAI 1977 |
||
| 100 |
_aরহমান, মুহম্মদ লুৎফর _9137764 |
||
| 245 | 1 | 0 |
_aইসলাম : রাষ্ট্র ও সমাজ / _cমুহম্মদ লুৎফর রহমান |
| 260 |
_aঢাকা : _bবাংলা একাডেমী, _c১৯৭৭ |
||
| 300 |
_a[১০], ৪৫৬ পৃ. ; _c২১ সেমি. |
||
| 650 |
_aইসলাম _9137765 |
||
| 650 |
_aIslam _9137766 |
||
| 942 |
_2ddc _cBK |
||
| 999 |
_c44949 _d44949 |
||